[Event "11. Abierto de la Constitucion"]
[Site "S.S. de los Reyes ESP"]
[Date "2009.12.03"]
[Round "4.3"]
[White "Roa Alonso, Santiago"]
[Black "Gemy Vargas, Jose Daniel"]
[Result "1-0"]
[WhiteElo "2412"]
[BlackElo "2187"]
[PlyCount "57"]
[EventDate "2009.11.30"]
[EventType "swiss"]
[EventRounds "9"]
[EventCountry "ESP"]
[Source "lmi"]
[SourceDate "2009.11.30"]

1. e4 c5 2. Nf3 e6 3. d4 cxd4 4. Nxd4 Nf6 5. Nc3 d6 6. Be2 a6 7. O-O Be7 8. f4
Nbd7 9. Kh1 Qc7 10. Bf3 h5 11. a4 g6 12. a5 e5 13. Nde2 b5 14. axb6 Nxb6 15. b3
Bb7 16. Qe1 Nbd7 17. Bb2 Nc5 18. fxe5 dxe5 19. Ng1 O-O 20. Qe3 Rfe8 21. Rae1
Rad8 22. Nh3 Ne6 23. Nd5 Nxd5 24. exd5 Bxd5 25. Bxd5 Rxd5 26. Qf3 Bb4 27. Qxd5
Bxe1 28. Rxe1 Qxc2 29. Qxe5 1-0

[Event "11. Abierto de la Constitucion"]
[Site "S.S. de los Reyes ESP"]
[Date "2009.12.03"]
[Round "4.4"]
[White "Castejon Caballero, Natalia"]
[Black "Almagro Llamas, Pablo"]
[Result "0-1"]
[WhiteElo "2102"]
[BlackElo "2453"]
[PlyCount "66"]
[EventDate "2009.11.30"]
[EventType "swiss"]
[EventRounds "9"]
[EventCountry "ESP"]
[Source "lmi"]
[SourceDate "2009.11.30"]

1. e4 c6 2. d4 d5 3. e5 Bf5 4. Nc3 e6 5. g4 Bg6 6. Nge2 Bb4 7. h4 Bxc3+ 8. Nxc3
h5 9. Bd3 Bxd3 10. Qxd3 hxg4 11. Qg3 Qb6 12. Qxg4 Rh7 13. a4 Nd7 14. Rh3 Ne7
15. Ne2 Nf5 16. a5 Qb4+ 17. c3 Qc4 18. Qf4 O-O-O 19. Ng3 Nxg3 20. Rxg3 f6 21.
h5 Rxh5 22. Rxg7 Rh1+ 23. Kd2 Qf1 24. Qf3 Rh2 25. Ke3 Qe1+ 26. Qe2 Rh3+ 27. f3
Qh4 28. Kd3 Rh2 29. Rg2 Qh7+ 30. Kd2 Rxg2 31. Qxg2 Rg8 32. Qe2 Qh1 33. Qe3 Rg2+
0-1

[Event "11. Abierto de la Constitucion"]
[Site "S.S. de los Reyes ESP"]
[Date "2009.12.03"]
[Round "4.5"]
[White "Mansilla Tolosa, Luis E"]
[Black "Elissalt Cardenas, Hector"]
[Result "0-1"]
[WhiteElo "2099"]
[BlackElo "2358"]
[PlyCount "134"]
[EventDate "2009.11.30"]
[EventType "swiss"]
[EventRounds "9"]
[EventCountry "ESP"]
[Source "lmi"]
[SourceDate "2009.11.30"]

1. Nf3 e6 2. e4 c5 3. Nc3 a6 4. d4 cxd4 5. Nxd4 Qc7 6. Bd3 b5 7. O-O Bb7 8. Be3
Nf6 9. f3 b4 10. Nce2 d5 11. e5 Nfd7 12. f4 g6 13. c3 bxc3 14. Nxc3 Nc6 15.
Nxc6 Qxc6 16. Qe2 Bc5 17. Bf2 O-O 18. Qg4 Qb6 19. Rab1 Rac8 20. Qg3 Bxf2+ 21.
Qxf2 Qxf2+ 22. Rxf2 g5 23. g3 gxf4 24. gxf4 f6 25. exf6 Rxf6 26. Ne2 Nc5 27.
Rd1 Nxd3 28. Rxd3 Rc2 29. Rb3 Bc6 30. Rc3 Rxc3 31. bxc3 Rg6+ 32. Rg2 Rxg2+ 33.
Kxg2 d4+ 34. Kf2 dxc3 35. Nxc3 Kf7 36. Ke3 Kf6 37. Ne2 Bd5 38. a3 Kf5 39. h3
Bg2 40. Ng3+ Kf6 41. h4 e5 42. Nh5+ Kf5 43. fxe5 Kxe5 44. Nf4 Bc6 45. Nd3+ Kf5
46. Nc5 Bb5 47. a4 Bf1 48. Kf2 Bc4 49. Kf3 h6 50. Nd7 a5 51. Kg3 Bb3 52. Nc5
Bd5 53. Nd7 Ke6 54. Nc5+ Ke5 55. Nd7+ Kd6 56. Nf6 Bc6 57. Ng4 Bxa4 58. Nxh6 Bd7
59. Nf7+ Ke6 60. Kf4 a4 61. Ng5+ Kd5 62. Nf3 a3 63. Ne1 a2 64. Nc2 Kc4 65. h5
Be8 66. Ke3 Kc3 67. Na1 Bxh5 0-1

[Event "11. Abierto de la Constitucion"]
[Site "S.S. de los Reyes ESP"]
[Date "2009.12.03"]
[Round "4.6"]
[White "Cerrato Torrijos, Maria"]
[Black "Ortega Ruiz, Jose Miguel"]
[Result "1-0"]
[WhiteElo "1973"]
[BlackElo "2326"]
[PlyCount "101"]
[EventDate "2009.11.30"]
[EventType "swiss"]
[EventRounds "9"]
[EventCountry "ESP"]
[Source "lmi"]
[SourceDate "2009.11.30"]

1. e4 e5 2. Nf3 Nc6 3. Bc4 Nf6 4. d3 Be7 5. c3 O-O 6. Bb3 d6 7. O-O Na5 8. Bc2
c5 9. Nbd2 b5 10. Re1 Nc6 11. Nf1 a5 12. Ng3 a4 13. a3 Na5 14. d4 Qc7 15. Bg5
h6 16. Be3 Nc4 17. Rb1 Rb8 18. h3 Bd7 19. Bc1 cxd4 20. cxd4 Rfc8 21. Bd3 Bf8
22. Bd2 Nxd2 23. Qxd2 exd4 24. Nxd4 b4 25. axb4 Qb6 26. Ndf5 d5 27. Qf4 dxe4
28. Nxe4 Nd5 29. Qe5 Nxb4 30. Bf1 Re8 31. Qf4 Nd5 32. Qg4 Bxf5 33. Qxf5 Qe6 34.
Qxe6 fxe6 35. Ra1 Rb4 36. Nc3 Ra8 37. Rxe6 Nxc3 38. bxc3 Rb2 39. Re2 a3 40. g3
Rc8 41. c4 Bc5 42. Kg2 Rf8 43. f4 Rfb8 44. Ra2 Kf7 45. Rd2 Kf6 46. Be2 Be3 47.
Rc2 Rxa2 48. Rxa2 Bc1 49. c5 Bb2 50. c6 Ke6 51. c7 1-0

[Event "11. Abierto de la Constitucion"]
[Site "S.S. de los Reyes ESP"]
[Date "2009.12.03"]
[Round "4.7"]
[White "Madina Yadarola, Martin"]
[Black "Iagar, Razvan-Gabriel"]
[Result "0-1"]
[WhiteElo "2265"]
[BlackElo "1971"]
[PlyCount "104"]
[EventDate "2009.11.30"]
[EventType "swiss"]
[EventRounds "9"]
[EventCountry "ESP"]
[Source "lmi"]
[SourceDate "2009.11.30"]

1. c4 f5 2. Nc3 Nf6 3. g3 g6 4. Bg2 Bg7 5. d3 d6 6. e3 O-O 7. Nge2 Qe8 8. b4 c6
9. a4 Na6 10. Rb1 e5 11. Ba3 Qd7 12. O-O Nc7 13. d4 e4 14. b5 Rd8 15. Qb3 Qf7
16. Rfc1 Be6 17. Nd1 Nce8 18. Nf4 Bc8 19. h4 h6 20. Nh3 Be6 21. Qc2 Rac8 22.
bxc6 Rxc6 23. Bf1 Rdc8 24. Nb2 Nh5 25. Qd1 R6c7 26. Be2 Nhf6 27. Qd2 Nh7 28.
Nf4 g5 29. Ng2 Bf6 30. hxg5 hxg5 31. a5 Nf8 32. d5 Bd7 33. Nd1 Ng6 34. Nc3 Ne5
35. c5 dxc5 36. d6 Rc6 37. Rxb7 Rxd6 38. Qc2 a6 39. Ne1 Bd8 40. Bb2 Qe7 41. Rd1
Rc7 42. Nd5 Rxd5 43. Rxd5 Rxb7 44. Rxe5 Qd6 45. Bc4+ Kf8 46. Rd5 Qc6 47. Ba3
Be7 48. Ba2 Be6 49. Re5 Bxa2 50. Qxa2 Ng7 51. Nc2 Rd7 52. Qc4 Rd1+ 0-1

[Event "11. Abierto de la Constitucion"]
[Site "S.S. de los Reyes ESP"]
[Date "2009.12.03"]
[Round "4.8"]
[White "Alvarez Gonzalez, Eduardo"]
[Black "Quevedo Marin, Manuel"]
[Result "0-1"]
[WhiteElo "1868"]
[BlackElo "2171"]
[PlyCount "84"]
[EventDate "2009.11.30"]
[EventType "swiss"]
[EventRounds "9"]
[EventCountry "ESP"]
[Source "lmi"]
[SourceDate "2009.11.30"]

1. d4 Nf6 2. Nf3 g6 3. c4 Bg7 4. Nc3 O-O 5. e4 d6 6. Be2 e5 7. O-O exd4 8. Nxd4
Re8 9. Qd3 Nbd7 10. f3 Nc5 11. Qd1 c6 12. Re1 a5 13. Be3 Nh5 14. Qd2 a4 15.
Rad1 Qa5 16. g4 Nf6 17. Bh6 Bh8 18. Bf1 a3 19. b3 Ne6 20. Nce2 Qxd2 21. Rxd2 d5
22. cxd5 Nxd4 23. Nxd4 Nxd5 24. Rc1 Nb4 25. Rc4 Nxa2 26. Rxa2 b5 27. Nxb5 cxb5
28. Rb4 Bd7 29. Bd2 Reb8 30. g5 Be5 31. f4 Bb2 32. Kf2 Bc6 33. Ke3 Ra7 34. Be2
Rd7 35. Be1 Kg7 36. e5 Rbd8 37. Bxb5 Rd1 38. Kf2 Bd5 39. Bc4 Rxe1 40. Bxd5 Rxd5
41. Rb7 Re4 42. Kf3 Rdd4 0-1

[Event "11. Abierto de la Constitucion"]
[Site "S.S. de los Reyes ESP"]
[Date "2009.12.03"]
[Round "4.9"]
[White "Semprun Martinez, Fernando"]
[Black "Camarero Izquierdo, Juan Carlos"]
[Result "1-0"]
[WhiteElo "2170"]
[BlackElo "1930"]
[PlyCount "67"]
[EventDate "2009.11.30"]
[EventType "swiss"]
[EventRounds "9"]
[EventCountry "ESP"]
[Source "lmi"]
[SourceDate "2009.11.30"]

1. e4 c5 2. Nf3 d6 3. d4 cxd4 4. Nxd4 Nf6 5. Nc3 a6 6. Bg5 e6 7. f4 Nbd7 8. Qf3
Qc7 9. O-O-O b5 10. Bxf6 gxf6 11. a3 Bb7 12. Qh5 Qc5 13. e5 Bd5 14. f5 Nxe5 15.
fxe6 O-O-O 16. Nxd5 Qxd5 17. Qh3 Kb8 18. Qe3 Qa2 19. Nb3 Kb7 20. Na5+ Ka8 21.
c4 fxe6 22. Qb6 Bh6+ 23. Kc2 Rd7 24. Rxd6 Be3 25. Qxe3 Rxd6 26. Qe4+ Nc6 27.
Nxc6 f5 28. Qf3 Rxc6 29. Qxc6+ Ka7 30. Qc7+ Ka8 31. Be2 e5 32. Qxe5 Rb8 33.
Bf3+ Ka7 34. Qc7+ 1-0

[Event "11. Abierto de la Constitucion"]
[Site "S.S. de los Reyes ESP"]
[Date "2009.12.03"]
[Round "4.10"]
[White "Minguela Muñoz, Bienvenido"]
[Black "Barez Menendez, Hector"]
[Result "0-1"]
[WhiteElo "1904"]
[BlackElo "2144"]
[PlyCount "46"]
[EventDate "2009.11.30"]
[EventType "swiss"]
[EventRounds "9"]
[EventCountry "ESP"]
[Source "lmi"]
[SourceDate "2009.11.30"]

1. d4 d5 2. c4 c6 3. Nc3 e6 4. Nf3 f5 5. Bg5 Nf6 6. e3 Be7 7. Ne5 O-O 8. Bd3
Ne4 9. Bxe7 Qxe7 10. O-O Nd7 11. f4 Nxe5 12. fxe5 b6 13. Bxe4 dxe4 14. g4 Bb7
15. Qe2 Rad8 16. gxf5 exf5 17. Qf2 c5 18. Nb5 cxd4 19. exd4 f4 20. h4 e3 21.
Qh2 Qe6 22. Rxf4 Qg4+ 23. Kf1 Rxf4+ 0-1

[Event "11. Abierto de la Constitucion"]
[Site "S.S. de los Reyes ESP"]
[Date "2009.12.03"]
[Round "4.12"]
[White "Ananian, Arman"]
[Black "Suarez Uriel, Adrian"]
[Result "0-1"]
[WhiteElo "1777"]
[BlackElo "2119"]
[PlyCount "102"]
[EventDate "2009.11.30"]
[EventType "swiss"]
[EventRounds "9"]
[EventCountry "ESP"]
[Source "lmi"]
[SourceDate "2009.11.30"]

1. e4 c5 2. Nf3 Nc6 3. d4 cxd4 4. Nxd4 e5 5. Nb5 d6 6. N1c3 a6 7. Na3 Nge7 8.
Bg5 h6 9. Bxe7 Bxe7 10. Nd5 O-O 11. Nc4 Be6 12. Nce3 Bg5 13. Be2 Bxe3 14. Nxe3
Ne7 15. O-O d5 16. exd5 Nxd5 17. Nxd5 Bxd5 18. c4 Bc6 19. Qxd8 Rfxd8 20. Rfd1
Be4 21. b4 Bc2 22. Rd5 Rxd5 23. cxd5 Rd8 24. Bf3 e4 25. Bd1 Bxd1 26. Rxd1 f5
27. Kf1 Kf7 28. Ke2 g5 29. Rc1 Rd7 30. Ke3 Rxd5 31. Rc7+ Kf6 32. Rxb7 Rd3+ 33.
Ke2 Ra3 34. b5 Rxa2+ 35. Ke3 Ra3+ 36. Ke2 axb5 37. Rxb5 g4 38. g3 Ra1 39. Ke3
Kg5 40. Rb8 Re1+ 41. Kd2 Rh1 42. Ke2 Rxh2 43. Rb1 h5 44. Ke3 h4 45. gxh4+ Rxh4
46. Rb8 Rh3+ 47. Ke2 Kf4 48. Rg8 Rh2 49. Kf1 Kf3 50. Kg1 Rxf2 51. Rf8 f4 0-1

[Event "11. Abierto de la Constitucion"]
[Site "S.S. de los Reyes ESP"]
[Date "2009.12.03"]
[Round "4.13"]
[White "Esquivias Gomez, Fco. Javier"]
[Black "Orellana Illescas, Julio"]
[Result "1-0"]
[WhiteElo "2004"]
[BlackElo "1816"]
[PlyCount "113"]
[EventDate "2009.11.30"]
[EventType "swiss"]
[EventRounds "9"]
[EventCountry "ESP"]
[Source "lmi"]
[SourceDate "2009.11.30"]

1. Nf3 Nf6 2. c4 d6 3. d4 g6 4. g3 Bg7 5. Bg2 O-O 6. O-O c6 7. Nc3 Qc7 8. e4 e5
9. h3 Nh5 10. g4 Nf6 11. Be3 Nbd7 12. b3 exd4 13. Nxd4 Nc5 14. Bf4 Qe7 15. Nxc6
bxc6 16. Bxd6 Qe6 17. Bxc5 Re8 18. Rc1 Bb7 19. Qd6 Qc8 20. Rfd1 Re6 21. Qd3 Qc7
22. Be3 Ree8 23. f4 Rad8 24. Qc2 Nd7 25. Qf2 g5 26. fxg5 Be5 27. Ne2 c5 28. Rf1
Bh2+ 29. Kh1 Ne5 30. Nf4 Nd3 31. Nxd3 Rxd3 32. Bf4 Bxf4 33. Qxf4 Qe7 34. Rcd1
Rd4 35. Rxd4 cxd4 36. Re1 Qb4 37. Re2 d3 38. Rd2 Bxe4 39. Qf2 Bxg2+ 40. Qxg2
Re1+ 41. Kh2 Qd6+ 42. Qg3 Qc6 43. Rg2 Re2 44. Rxe2 dxe2 45. Qb8+ Kg7 46. Qe5+
Kg6 47. Qf5+ Kg7 48. Qe5+ Kg6 49. Qxe2 Kxg5 50. Qe7+ f6 51. Qg7+ Kf4 52. Qe7
Qb6 53. Qe2 Qd6 54. Qf2+ Kg5+ 55. Kg2 Qc6+ 56. Qf3 Qb6 57. Qd5+ 1-0

[Event "11. Abierto de la Constitucion"]
[Site "S.S. de los Reyes ESP"]
[Date "2009.12.03"]
[Round "4.14"]
[White "Serrano Nuñez, Dario"]
[Black "Pareja Alvarez, Diego"]
[Result "0-1"]
[WhiteElo "1977"]
[BlackElo "1918"]
[PlyCount "56"]
[EventDate "2009.11.30"]
[EventType "swiss"]
[EventRounds "9"]
[EventCountry "ESP"]
[Source "lmi"]
[SourceDate "2009.11.30"]

1. e4 c6 2. d4 d5 3. Nd2 dxe4 4. Nxe4 Bf5 5. Ng3 Bg6 6. N1e2 Nf6 7. Nf4 Nbd7 8.
Bc4 e6 9. O-O Nd5 10. h4 Qxh4 11. Nxd5 cxd5 12. Bb5 Bd6 13. c3 a6 14. Bxd7+
Kxd7 15. Qf3 Rhc8 16. Re1 b5 17. Bd2 a5 18. a3 Rab8 19. Nf1 f5 20. Qe3 Qf6 21.
f4 h6 22. Nh2 Bh5 23. Qh3 Qf7 24. g3 Rg8 25. Re3 g5 26. fxg5 f4 27. Rxe6 Qxe6
28. g4 Bxg4 0-1

[Event "11. Abierto de la Constitucion"]
[Site "S.S. de los Reyes ESP"]
[Date "2009.12.03"]
[Round "4.15"]
[White "Perez Cameselle, Francisco"]
[Black "Nieto Esteban, Manuel"]
[Result "0-1"]
[WhiteElo "1930"]
[BlackElo "1801"]
[PlyCount "99"]
[EventDate "2009.11.30"]
[EventType "swiss"]
[EventRounds "9"]
[EventCountry "ESP"]
[Source "lmi"]
[SourceDate "2009.11.30"]

1. Nf3 Nf6 2. g3 d5 3. Bg2 g6 4. d3 Bg7 5. O-O O-O 6. Nbd2 c6 7. e4 dxe4 8.
dxe4 Bg4 9. h3 Bxf3 10. Qxf3 Nbd7 11. Re1 Qc7 12. a4 e6 13. a5 Nh5 14. Nb3 Rae8
15. Bg5 Rc8 16. c3 h6 17. Be3 c5 18. Qe2 Rfd8 19. c4 Bf8 20. Kh2 Kh7 21. f4 e5
22. f5 Ndf6 23. fxg6+ fxg6 24. Rf1 Be7 25. h4 Ra8 26. Bd2 b6 27. Bh3 Bf8 28.
Bc3 Bg7 29. Nd2 Qe7 30. Nf3 Ne8 31. axb6 axb6 32. Rxa8 Rxa8 33. Rd1 Nd6 34. Rd5
Rd8 35. Bxe5 Bxe5 36. Rxe5 Qa7 37. Rxh5 gxh5 38. e5 Ne8 39. Qe4+ Kg7 40. Be6
Qe7 41. Bd5 Nc7 42. e6 Qf6 43. b3 Re8 44. Kg2 Nxe6 45. Bxe6 Qxe6 46. Qb7+ Re7
47. Qa8 Qe2+ 48. Kg1 Qd1+ 49. Kg2 Re2+ 50. Kh3 0-1

[Event "11. Abierto de la Constitucion"]
[Site "S.S. de los Reyes ESP"]
[Date "2009.12.03"]
[Round "4.16"]
[White "Montero Garcia, Fco Javier"]
[Black "Lopez Galindo, Pablo"]
[Result "1-0"]
[WhiteElo "1909"]
[BlackElo "1623"]
[PlyCount "39"]
[EventDate "2009.11.30"]
[EventType "swiss"]
[EventRounds "9"]
[EventCountry "ESP"]
[Source "lmi"]
[SourceDate "2009.11.30"]

1. e4 c5 2. Nf3 d6 3. d4 cxd4 4. Nxd4 Nf6 5. Nc3 a6 6. Bg5 e6 7. f4 Nbd7 8. Qf3
Qc7 9. O-O-O Be7 10. g4 b5 11. Bxf6 Nxf6 12. g5 Nd7 13. f5 Bxg5+ 14. Kb1 Nc5
15. Bxb5+ axb5 16. Ndxb5 Qb8 17. Nxd6+ Ke7 18. Qh5 g6 19. Qxg5+ f6 20. Qh6 1-0

[Event "11. Abierto de la Constitucion"]
[Site "S.S. de los Reyes ESP"]
[Date "2009.12.03"]
[Round "4.17"]
[White "De La Orden Alcocer, Alejandro"]
[Black "Kalynovsky, Martin"]
[Result "0-1"]
[WhiteElo "1780"]
[BlackElo "1601"]
[PlyCount "58"]
[EventDate "2009.11.30"]
[EventType "swiss"]
[EventRounds "9"]
[EventCountry "ESP"]
[Source "lmi"]
[SourceDate "2009.11.30"]

1. c4 Nf6 2. Nc3 c5 3. g3 Nc6 4. Bg2 g6 5. a3 Bg7 6. Rb1 a5 7. d3 Rb8 8. Nf3
O-O 9. O-O d6 10. Bd2 b6 11. Qc1 Bb7 12. Bh6 Nd4 13. e4 Bc6 14. Nxd4 cxd4 15.
Nd5 Bxd5 16. exd5 Qc7 17. b4 Rfc8 18. Bh3 Rd8 19. Bxg7 Kxg7 20. Qf4 axb4 21.
axb4 b5 22. Qxd4 Rb7 23. Rfe1 bxc4 24. dxc4 Rdb8 25. Qc3 Kf8 26. Re2 Kg8 27.
Bg2 Ng4 28. f4 Qb6+ 29. Kf1 Nxh2+ 0-1

[Event "11. Abierto de la Constitucion"]
[Site "S.S. de los Reyes ESP"]
[Date "2009.12.04"]
[Round "5.1"]
[White "Hernando Pertierra, Jose C"]
[Black "Taboas Rodriguez, Daniel"]
[Result "1/2-1/2"]
[WhiteElo "2374"]
[BlackElo "2359"]
[PlyCount "85"]
[EventDate "2009.11.30"]
[EventType "swiss"]
[EventRounds "9"]
[EventCountry "ESP"]
[Source "lmi"]
[SourceDate "2009.11.30"]

1. Nf3 Nf6 2. c4 g6 3. b3 Bg7 4. Bb2 O-O 5. g3 b6 6. Bg2 Bb7 7. O-O c5 8. Nc3
Nc6 9. e3 d5 10. Nxd5 Nxd5 11. Bxg7 Nxe3 12. fxe3 Kxg7 13. d4 Qd6 14. Qd2 Rad8
15. Rad1 f6 16. Qc3 Nb4 17. a3 Bxf3 18. Bxf3 Nc6 19. Bxc6 Qxc6 20. Rd2 Rd6 21.
Rfd1 Rfd8 22. Kf2 h5 23. h4 Qe4 24. Qd3 Qg4 25. d5 e5 26. e4 Qh3 27. Qf3 Rf8
28. Kg1 Qd7 29. Rf1 Qe7 30. g4 hxg4 31. Qxg4 Rh8 32. Rg2 Rh6 33. Rf5 Rd8 34.
Rh5 Qd7 35. Rf5 Qf7 36. h5 Rdh8 37. Rgf2 Rxh5 38. Rxf6 Rh1+ 39. Kg2 R8h2+ 40.
Kg3 Rxf2 41. Rxf2 Rg1+ 42. Rg2 Qf4+ 43. Qxf4 1/2-1/2

[Event "11. Abierto de la Constitucion"]
[Site "S.S. de los Reyes ESP"]
[Date "2009.12.04"]
[Round "5.2"]
[White "Barria Zuñiga, Daniel"]
[Black "Roa Alonso, Santiago"]
[Result "1/2-1/2"]
[WhiteElo "2429"]
[BlackElo "2412"]
[PlyCount "90"]
[EventDate "2009.11.30"]
[EventType "swiss"]
[EventRounds "9"]
[EventCountry "ESP"]
[Source "lmi"]
[SourceDate "2009.11.30"]

1. d4 Nf6 2. c4 e6 3. Nf3 b6 4. g3 Ba6 5. Qc2 c5 6. d5 exd5 7. cxd5 Bb7 8. Bg2
Nxd5 9. O-O Be7 10. Ne5 Qc7 11. Qe4 Bc6 12. Nxc6 dxc6 13. Nc3 Nxc3 14. bxc3 O-O
15. Bf4 Bd6 16. Bxd6 Qxd6 17. Rad1 Qf6 18. Rd3 Na6 19. Qxc6 Qxc6 20. Bxc6 Rad8
21. Rfd1 Rxd3 22. Rxd3 Nb8 23. Rd6 Nxc6 24. Rxc6 Rd8 25. Rc7 g6 26. Rxa7 Rd1+
27. Kg2 Rc1 28. Ra3 b5 29. e3 b4 30. cxb4 cxb4 31. Rb3 Rc2 32. Rxb4 Rxa2 33. g4
Ra5 34. h4 h5 35. g5 Ra1 36. Rf4 Kg7 37. Rd4 Rb1 38. Re4 Ra1 39. Re5 Ra4 40.
Kh3 Ra2 41. Kg3 Rb2 42. f4 Re2 43. Kf3 Rh2 44. Kg3 Re2 45. Kf3 Rh2 1/2-1/2

[Event "11. Abierto de la Constitucion"]
[Site "S.S. de los Reyes ESP"]
[Date "2009.12.04"]
[Round "5.3"]
[White "Almagro Llamas, Pablo"]
[Black "Barez Menendez, Hector"]
[Result "1/2-1/2"]
[WhiteElo "2453"]
[BlackElo "2144"]
[PlyCount "136"]
[EventDate "2009.11.30"]
[EventType "swiss"]
[EventRounds "9"]
[EventCountry "ESP"]
[Source "lmi"]
[SourceDate "2009.11.30"]

1. c4 Nf6 2. g3 e6 3. Bg2 d5 4. Nf3 Be7 5. O-O O-O 6. b3 c5 7. cxd5 Nxd5 8. Bb2
Nc6 9. Nc3 Bf6 10. Rc1 b6 11. Qc2 Ba6 12. Nxd5 exd5 13. d3 Rc8 14. a3 Re8 15.
Rfe1 Bb7 16. Qd2 Na5 17. Bxf6 Qxf6 18. Qa2 Nc6 19. b4 Ne5 20. bxc5 bxc5 21.
Nxe5 Qxe5 22. Qb3 Ba8 23. Qa4 Re7 24. d4 Qd6 25. dxc5 Rxc5 26. e3 h6 27. Qb4
Rxc1 28. Rxc1 Qxb4 29. axb4 Bb7 30. Ra1 a6 31. Rd1 Rd7 32. Kf1 Bc6 33. Rd4 Kf8
34. Ke2 Ke7 35. Kd2 f5 36. h4 g5 37. Kc3 Ke6 38. Kb3 Bb5 39. hxg5 hxg5 40. g4
Bc4+ 41. Ka4 fxg4 42. Rxg4 Kf6 43. Ka5 Rd6 44. Bh3 Be2 45. Rd4 Ke5 46. Bc8 Rf6
47. Rd2 Bc4 48. Bb7 Rd6 49. Rd4 Rf6 50. f3 Rd6 51. Rg4 Kf6 52. Rd4 Ke5 53. Rg4
Kf6 54. f4 gxf4 55. Rxf4+ Ke5 56. Rh4 Bb5 57. Rh7 Ke4 58. Re7+ Kd3 59. Bc8 Kd2
60. Re5 Bc4 61. Be6 Kc3 62. Bc8 Rd8 63. Bb7 Rd6 64. Re8 Kd3 65. e4 dxe4 66.
Bxe4+ Kc3 67. Bb7 Rh6 68. Re5 Rh2 1/2-1/2

[Event "11. Abierto de la Constitucion"]
[Site "S.S. de los Reyes ESP"]
[Date "2009.12.04"]
[Round "5.4"]
[White "Elissalt Cardenas, Hector"]
[Black "Berzal Llorente, Jorge"]
[Result "1-0"]
[WhiteElo "2358"]
[BlackElo "2122"]
[PlyCount "103"]
[EventDate "2009.11.30"]
[EventType "swiss"]
[EventRounds "9"]
[EventCountry "ESP"]
[Source "lmi"]
[SourceDate "2009.11.30"]

1. d4 d5 2. c4 e6 3. Nc3 Nf6 4. cxd5 exd5 5. Bg5 Be7 6. e3 c6 7. Qc2 Nbd7 8.
Bd3 h6 9. Bh4 O-O 10. Nge2 c5 11. O-O cxd4 12. Nxd4 Ne5 13. Be2 Ng6 14. Bg3 Bd6
15. Rfd1 Bxg3 16. hxg3 Qc7 17. Rac1 Qe5 18. Bf3 Rd8 19. Nce2 Bg4 20. Bxg4 Nxg4
21. Qf5 Qxf5 22. Nxf5 Rd7 23. Rc5 Rad8 24. f3 Nf6 25. Kf2 Kh7 26. Nf4 Ne5 27.
Ke2 Nc6 28. Nd4 Ne7 29. Rdc1 a6 30. g4 Rd6 31. Nd3 Ng6 32. a4 b6 33. Rc6 R8d7
34. b4 Ne7 35. R1c2 Ng6 36. Rc8 Ne7 37. Ra8 b5 38. a5 Rd8 39. Rxd8 Rxd8 40. Ne5
Rc8 41. Rxc8 Nxc8 42. Nxf7 Nd7 43. Nd8 Nd6 44. N8e6 Kg8 45. Nc7 Nb8 46. Nxd5
Nc4 47. f4 Kf7 48. e4 Nd7 49. e5 Kf8 50. Nc6 g5 51. g3 Ke8 52. Nc7+ 1-0

[Event "11. Abierto de la Constitucion"]
[Site "S.S. de los Reyes ESP"]
[Date "2009.12.04"]
[Round "5.5"]
[White "Quevedo Marin, Manuel"]
[Black "Cerrato Torrijos, Maria"]
[Result "0-1"]
[WhiteElo "2171"]
[BlackElo "1973"]
[PlyCount "66"]
[EventDate "2009.11.30"]
[EventType "swiss"]
[EventRounds "9"]
[EventCountry "ESP"]
[Source "lmi"]
[SourceDate "2009.11.30"]

1. d4 Nf6 2. c4 e6 3. Nf3 b6 4. e3 Bb7 5. Bd3 d5 6. cxd5 Bxd5 7. Nc3 Bb7 8. O-O
Be7 9. b3 O-O 10. Bb2 c5 11. dxc5 Bxc5 12. Qe2 Nbd7 13. Rfd1 Qe7 14. Nb5 Nd5
15. a3 a6 16. Nbd4 Bd6 17. Rdc1 Nc5 18. Bc2 Nf6 19. Nd2 Rac8 20. e4 Bf4 21. f3
Qd6 22. Kh1 Bxd2 23. Qxd2 e5 24. Re1 Ne6 25. f4 Nxf4 26. Rac1 Rfd8 27. Qf2 exd4
28. e5 Qd5 29. exf6 d3 30. Red1 Qxg2+ 31. Qxg2 Bxg2+ 32. Kg1 Bf3 33. Bxd3 Bxd1
0-1

[Event "11. Abierto de la Constitucion"]
[Site "S.S. de los Reyes ESP"]
[Date "2009.12.04"]
[Round "5.6"]
[White "Iagar, Razvan-Gabriel"]
[Black "Semprun Martinez, Fernando"]
[Result "0-1"]
[WhiteElo "1971"]
[BlackElo "2170"]
[PlyCount "76"]
[EventDate "2009.11.30"]
[EventType "swiss"]
[EventRounds "9"]
[EventCountry "ESP"]
[Source "lmi"]
[SourceDate "2009.11.30"]

1. d4 Nf6 2. c4 g6 3. Nc3 d5 4. Nf3 Bg7 5. Bf4 O-O 6. e3 c5 7. dxc5 Qa5 8. Qd2
dxc4 9. Bxc4 Rd8 10. Qc2 Nc6 11. O-O Qxc5 12. Nb5 Be6 13. Rac1 Bxc4 14. Qxc4
Qxc4 15. Rxc4 Nd5 16. b3 e5 17. Bg3 a6 18. Na3 Ndb4 19. Nxe5 Nxe5 20. Rxb4 b5
21. Re4 Nc6 22. Nb1 Rd3 23. h3 f5 24. Re6 Nb4 25. a3 Na2 26. Be5 Bxe5 27. Rxe5
Rxb3 28. Rc5 Rb2 29. Rd1 Rf8 30. Rc7 Rf7 31. Rc8+ Kg7 32. Ra8 Rc7 33. Rxa6 Rcc2
34. Rf1 Nc1 35. Rd1 Rxb1 36. Rd7+ Kh6 37. Raa7 Nd3+ 38. Kh2 Nxf2 0-1

[Event "11. Abierto de la Constitucion"]
[Site "S.S. de los Reyes ESP"]
[Date "2009.12.04"]
[Round "5.7"]
[White "Gemy Vargas, Jose Daniel"]
[Black "Pareja Alvarez, Diego"]
[Result "1-0"]
[WhiteElo "2187"]
[BlackElo "1918"]
[PlyCount "67"]
[EventDate "2009.11.30"]
[EventType "swiss"]
[EventRounds "9"]
[EventCountry "ESP"]
[Source "lmi"]
[SourceDate "2009.11.30"]

1. d4 Nf6 2. Nf3 g6 3. Bg5 Bg7 4. Nbd2 O-O 5. e4 d6 6. h3 c6 7. c3 Nbd7 8. Bd3
e5 9. O-O h6 10. Be3 Qe7 11. Re1 Rd8 12. Qb3 g5 13. Nf1 Nh5 14. Ng3 Ndf6 15.
Qa3 Qc7 16. Nxh5 Nxh5 17. Bf1 Nf6 18. Qa4 g4 19. hxg4 Bxg4 20. Nh2 b6 21. f4
Bh5 22. Qc2 Re8 23. Bd3 Re7 24. Qf2 Kh7 25. Qh4 Rg8 26. Kh1 Qd7 27. f5 d5 28.
dxe5 Rxe5 29. Bd4 Nxe4 30. Bxe5 Bxe5 31. Bxe4 dxe4 32. Qxh5 Qd2 33. Re2 Qf4 34.
Rf1 1-0

[Event "11. Abierto de la Constitucion"]
[Site "S.S. de los Reyes ESP"]
[Date "2009.12.04"]
[Round "5.8"]
[White "Suarez Uriel, Adrian"]
[Black "Juberias Guillen, Paloma"]
[Result "1-0"]
[WhiteElo "2119"]
[BlackElo "1611"]
[PlyCount "127"]
[EventDate "2009.11.30"]
[EventType "swiss"]
[EventRounds "9"]
[EventCountry "ESP"]
[Source "lmi"]
[SourceDate "2009.11.30"]

1. e4 c6 2. d4 d5 3. f3 e6 4. Nc3 Nd7 5. Be3 Qb6 6. a3 e5 7. exd5 exd4 8. Bxd4
c5 9. Bf2 Qxb2 10. Nge2 Ngf6 11. Bg3 Nh5 12. Bc7 Bd6 13. Bxd6 Qb6 14. Bg3 Nxg3
15. Nxg3 O-O 16. Be2 Nf6 17. O-O Rd8 18. Bc4 Qa5 19. Qd3 a6 20. a4 Nd7 21. Nce4
Nb6 22. Ng5 g6 23. d6 Nxc4 24. Qxc4 Rf8 25. N3e4 h6 26. d7 hxg5 27. dxc8=Q
Raxc8 28. Nxg5 Qd2 29. Qh4 Qd4+ 30. Qxd4 cxd4 31. Ra2 Rc4 32. Rd1 Rfc8 33. Ne4
R8c6 34. Rd3 f5 35. Nd2 Rb4 36. Rb3 Rcb6 37. Rab2 Rxb3 38. Nxb3 Rb4 39. Ra2 d3
40. Nd2 dxc2 41. Rxc2 Rxa4 42. Rc8+ Kg7 43. Rc7+ Kf6 44. Rxb7 Ke5 45. Kf2 Ra2
46. Ke2 Kd4 47. Rd7+ Kc3 48. Rd3+ Kc2 49. Rd6 Kc3 50. Rc6+ Kd4 51. Rxg6 a5 52.
Rd6+ Kc3 53. Rd3+ Kc2 54. Rd5 f4 55. Rd4 Kc3 56. Rc4+ Kb2 57. Rxf4 a4 58. h4 a3
59. Kd3 Kc1 60. Rc4+ Kd1 61. Nb3 Ke1 62. Rc1+ Kf2 63. Rc2+ Rxc2 64. Kxc2 1-0